000 01393nam1a22002531i 4500
001 rc\1189728
005 20240724000941.0
035 _a(NLR Aleph) 005974442
090 _a6964259
_c6964259
100 _a20060320g19809999u |0rusy50 ca
101 0 _arus
102 _aRU
105 _ay |||||||||
200 1 _aЭкономика, организация производства и управления в социалистических хозяйственных системах
_fЕ.Р. Бердичевская, Т.П. Рудкова, Л.А. Трофимова, М.А. Тырышкин
_gРед. М.А. Тырышкин
210 _aТомск
_cИзд-во Том. ун-та
_d1980-
215 _d20
300 _aЗагл. обл.: Экономика, организация, планирование и управление социалистическим производством
300 _aНа обл. авт.: Л.А. Трофимова, Е.Р. Бердичевская, И.И. Стеценко, М.А. Тырышкин
512 0 _aЭкономика, организация, планирование и управление социалистическим производством
701 1 _aБердичевская
_bЕ.Р.
_gЕвгения Рафаиловна
801 0 _aRU
_bNLR
_gpsbo
801 1 _aRU
_bELAR
_2rusmarc
852 _aNLR
_j81-3/5259
942 _cBOOK